000
00296nam a2200121Ia 4500
008
230524s9999 xx 000 0 und d
100
_a
David H. Holt
245
0
_a
Entrepreneurship: New Venture Creation
260
_b
PHI
500
_a
Quantity Number: 10
650
_a
Management
942
_c
BK
999
_c
49512
_d
49512